000 00326 a2200145 4500
001 169206
020 _a
040 _cMagnum
100 _aTorres, Rosa Maria
240 1 0 _aQue (e como) e necessario aprender ?
_lpor
245 1 0 _aQue (e como) e necessario aprender ?
362 0 _a1899
697 _aENSINO
942 _cBK
999 _c169206
_d169206